000 00990nam0a2200277 4500
001 RU\NLR\BIBL_A\011980046
005 20190404095506.0
010 _a978-5-89571-275-7
_9500
021 _aRU
_bКН-П-19-010930
_9КН-П-19-0803
035 _a(NLR Aleph) 011980046
090 _a11303321
_c11303321
100 _a20190404d2017 m y0rusy50 ca
101 0 _aaba
102 _aRU
105 _ay z 000ay
200 1 _aАщхъаркт ащахахра
_eххъвыкIла йалу ароман
_fЦекъва Пасарби
210 _aЧеркесск
_cАлашара
_d2017
215 _a733,[1] с.
_d21
541 1 _6z01790
_aМесть горного аула
_eроман
_zrus
686 1 _aШ6(2=А)7-4
700 1 _aЦекъва
_bП.
_f1922-1984
_gПасарби
_4070
790 1 _6z01541
_aЦеков
_bП. К.
_f1922-1984
_gПасарби Кучукович
_4070
852 _aNLR
_bОНЛ
_jАбаз./3-375
942 _cBOOK
980 _aNB